ბათუმის შოთა რუსთაველის სახელმწიფო უნივერსიტეტის ბიბლიოთეკა

ტრაპიზონის იმპერიისქართული დიადემა (ბიბ.ჩანაწერი № 35790)

000 -LEADER
fixed length control field 00640nam a2200205Ia 4500
001 - CONTROL NUMBER
control field 1674
003 - CONTROL NUMBER IDENTIFIER
control field GE_BSU
008 - FIXED-LENGTH DATA ELEMENTS--GENERAL INFORMATION
fixed length control field 181216s||||||||xx |||||||||||||| ||und||
020 ## - INTERNATIONAL STANDARD BOOK NUMBER
International Standard Book Number 9789941412585
040 ## - CATALOGING SOURCE
Transcribing agency GE_BSU
080 ## - UNIVERSAL DECIMAL CLASSIFICATION NUMBER
Universal Decimal Classification number 821.353.1.31
245 ## - TITLE STATEMENT
Title ტრაპიზონის იმპერიისქართული დიადემა
245 ## - TITLE STATEMENT
Statement of responsibility, etc. რედ. იური ბიბილეიშვილი
260 ## - PUBLICATION, DISTRIBUTION, ETC.
Place of publication, distribution, etc. ბათუმი
260 ## - PUBLICATION, DISTRIBUTION, ETC.
Name of publisher, distributor, etc. შოთა რუსთაველის სახ.უნ–ტი
260 ## - PUBLICATION, DISTRIBUTION, ETC.
Date of publication, distribution, etc. 2011
300 ## - PHYSICAL DESCRIPTION
Extent 158 გვ.16 სმ.
942 ## - ADDED ENTRY ELEMENTS (KOHA)
Koha item type წიგნი
ეგზემპლარები
Withdrawn status Lost status Damaged status Not for loan Date acquired Barcode Date last seen Price effective from Koha item type Public note
        2018-12-17 3234 2018-12-17 2018-12-17 წიგნი საცავი
        2018-12-17 3235 2018-12-17 2018-12-17 წიგნი საცავი
        2018-12-17 3236 2018-12-17 2018-12-17 წიგნი საცავი
        2018-12-17 3237 2018-12-17 2018-12-17 წიგნი საცავი
        2018-12-17 3233 2018-12-17 2018-12-17 წიგნი საცავი